00299nam a2200121Ia 4500003000400000008004100004020002600045040000800071100001900079245003400098260003500132300001000167LDD181101s9999 xx 000 0 und d a9789383282241c160.00 cLDD aRiffat, Faiyaz 0aSaaman-e-khyalcFaiyaz Riffat aDelhibM.R. Publicationsc2014 a175p.